Biblioteca

Las preguntas de Dios : (Registro nro. 64958)

Detalles MARC
000 -LÍDER
Campo fijo de descripción fija 01713nam a2200301 c 4500
001 - NÚMERO DE CONTROL
Campo de control 768714001
003 - IDENTIFICADOR DEL NÚMERO DE CONTROL
Campo de control CO-MdFUSB
005 - FECHA Y HORA DE LA ULTIMA TRANSACCIÓN
control field 20240229125640.0
007 - CAMPO FIJO DE DESCRIPCIÓN FIJA--INFORMACIÓN GENERAL
Campo fijo de descripción fija ta
008 - ELEMENTOS DE LONGITUD FIJA -- INFORMACIÓN GENERAL
Campo fijo de descripción fija -- Información general 190416t2004 ag |||| |||| 00| 0 spa d
020 ## - NÚMERO INTERNACIONAL NORMALIZADO PARA LIBROS
Número Internacional Normalizado del libro 9879403606
040 ## - FUENTE DE CATALOGACIÓN
Agencia de catalogación original CO-MdFUSB
Idioma de catalogación spa
Agencia que realiza la transcripción CO-MdFUSB
Agencia que realiza la modificación CO-MdFUSBC
Convenciones de la descripción rda
041 ## - CÓDIGO DE IDIOMA
Código de idioma para texto/pista de sonido o título separado spa
082 ## - NÚMERO DE CLASIFICACIÓN DECIMAL DEWEY
Número de la edición del Dewey 23
Número de clasificación 252
Clave de autor-Numero de item C355
100 ## - ASIENTO PRINCIPAL--NOMBRE PERSONAL
Nombre personal Castro, Emilio
Término relacionador autor
245 #4 - TÍTULO
Título del Material Las preguntas de Dios :
Parte restante del título - Subtitulo la predicación evangélica en América Latina.
Mención de responsabilidad, etc. / Emilio Castro
264 #1 - PRODUCCIÓN, PUBLICACIÓN, DISTRIBUCIÓN, MANUFACTURA, Y COPYRIGHT
Lugar de producción, publicación, distribución, manufactura Buenos Aires, Argentina :
Nombre del productor, publicador, distribuidor kairós,
Fecha de producción, publicación, distribución, manufactura, o copyright [2004]
264 #4 - PRODUCCIÓN, PUBLICACIÓN, DISTRIBUCIÓN, MANUFACTURA, Y COPYRIGHT
Fecha de producción, publicación, distribución, manufactura, o copyright © 2004
300 ## - DESCRIPCIÓN FÍSICA
Extensión 156 páginas
Dimensiones ; 20 cm
336 ## - TIPO DE CONTENIDO
Fuente rdacontent
Término de tipo de contenido texto
Código de tipo de contenido txt
337 ## - TIPO DE MEDIO
Fuente rdamedia
Nombre del tipo de medio sin mediación
Código del tipo de medio n
338 ## - TIPO DE SOPORTE
Fuente rdacarrier
Nombre del tipo de soporte volumen
Código Tipo de soporte nc
505 ## - NOTA DE CONTENIDO
Nota de contenido con formato preestablecido ¿De qué me sirven sus muchos sacrificios? -- ¿Dónde está tu hermano?. -- ¿Qué voy a hacer contigo, Efraín? ¿Qué voy a hacer contigo, Judá?. -- ¿Tienes razón de enfurecerte tanto?. -- ¿Quién es este?. -- ¿Por qué buscan ustedes entre los muertos al que vive?. -- ¿También ustedes quieren marcharse?. -- Saulo, Saulo, ¿por qué me persigues?. -- ¿Quién dice la gente que es el Hijo del hombre? Y ustedes, ¿quién dicen que soy yo?. -- ¿A quién enviaré? ¿Quién irá por nosotros?. -- Dios mio, Dios mio, ¿por qué me has desamparado?. -- ¿Qué les respondo si me preguntan: "¿Y cómo se llama?. -- ¿Por qué guardas silencio mientras los impíos se tragan a los justos?. -- Si tú, Señor, tomaras en cuenta los pecados, ¿quién, Señor, sería declarado inocente?. -- ¿Eres tú el que ha de venir, o debemos esperar a otro?
563 ## - NOTA DE ENCUADERNACIÓN
Nota de encuadernación Rústico
650 #0 - ASIENTO SECUNDARIO DE MATERIA - TERMINO TEMÁTICO
9 (RLIN) 691
Término temático o nombre geográfico como elemento de entrada Predicación
Subdivisión geográfica América Latina
942 ## - TIPO DE MATERIAL (KOHA)
Tipo de Item KOHA Libros General
945 ## - INFORMACIÓN LOCAL DEL REGISTRO
Catalogador JTF-925
Existencias
Estado de Material Estado de Perdido Forma de Clasificación Estado de Dañado No para Préstamo Colección Biblioteca de Origen Biblioteca Permanente Fecha de Adquisición Forma de Adquisición Total de Préstamos Signatura Topográfica Código de Barras Última vez visto Ejemplar/Existencia Fecha de Remplazo Tipo de Material Área
    Dewey Decimal Classification     Colección General Biblioteca FUSBC Biblioteca FUSBC 16/04/2019 compra   G 252 C355p 10614 12/12/2019 Ej. 1 16/04/2019 Libros General  
    Dewey Decimal Classification     Colección General Biblioteca FUSBC Biblioteca FUSBC 29/02/2024     G 252 C355p 22300 29/02/2024 Ej. 2 29/02/2024 Libros General HOMILETICA

Biblioteca FUSBC | Teléfono: (57+4) 349 88 10 Ext. 141| WhatsApp (+57) 3005338115 
E-mail: biblioteca@unisbc.edu.co | Calle 76 87-14 Robledo Palenque, Medellín, Colombia

Con tecnología Koha